[Event "Montigny le Bretonneux op 25th"]
[Site "Montigny le Bretonneux"]
[Date "2023.05.21"]
[Round "7"]
[White "Ferreira, Carlos"]
[Black "Nosperger, Mael"]
[Result "1/2-1/2"]
[WhiteElo "1675"]
[BlackElo "1334"]
[PlyCount "65"]
[EventDate "2023.05.18"]
[EventType "swiss"]
[EventRounds "9"]
[EventCountry "FRA"]
[SourceTitle "CBM 214 Extra"]
[Source "ChessBase"]
[SourceDate "2023.07.31"]
[SourceVersion "1"]
[SourceVersionDate "2023.07.31"]
[SourceQuality "1"]

1. e4 c5 2. Nf3 Nc6 3. Bb5 g6 4. Nc3 Bg7 5. Bxc6 bxc6 6. 0-0 Nf6 7. d3 d6 8. h3 h5 9. Bf4 e5 10. Bg5 Be6 11. Qd2 Qd7 12. Bxf6 Bxf6 13. Ng5 0-0-0 14. Nxe6 fxe6 15. Ne2 g5 16. g3 h4 17. g4 Qf7 18. b4 cxb4 19. Qxb4 Qb7 20. Qa4 Kd7 21. Rab1 Qc7 22. Rb3 Rb8 23. Rfb1 Rxb3 24. Qxb3 Rc8 25. c4 Bd8 26. Qb7 Qxb7 27. Rxb7+ Rc7 28. Rb3 Kc8 29. Kg2 Rb7 30. Kf1 Rxb3 31. axb3 Kb7 32. Ke1 Kb6 33. Kd2 1/2-1/2

[Event "Montigny le Bretonneux op 25th"]
[Site "Montigny le Bretonneux"]
[Date "2023.05.21"]
[Round "9"]
[White "Kissian, Pascal"]
[Black "Nosperger, Mael"]
[Result "0-1"]
[WhiteElo "1523"]
[BlackElo "1334"]
[PlyCount "56"]
[EventDate "2023.05.18"]
[EventType "swiss"]
[EventRounds "9"]
[EventCountry "FRA"]
[SourceTitle "CBM 214 Extra"]
[Source "ChessBase"]
[SourceDate "2023.07.31"]
[SourceVersion "1"]
[SourceVersionDate "2023.07.31"]
[SourceQuality "1"]

1. d4 Nf6 2. Bg5 e6 3. Nf3 Be7 4. e3 b6 5. Bd3 Bb7 6. Nbd2 0-0 7. c3 d6 8. Qc2 h6 9. Bh4 Nbd7 10. h3 c5 11. g4 Rc8 12. g5 hxg5 13. Bxg5 g6 14. Bxg6 fxg6 15. Qxg6+ Kh8 16. Rg1 Rg8 17. Qh6+ Nh7 18. 0-0-0 Bxg5 19. Nxg5 Rxg5 20. Rxg5 Qxg5 21. Qxe6 Qg7 22. d5 Ne5 23. Ne4 Qd7 24. Qh6 Rg8 25. Nf6 Rg6 26. Qh4 Rxf6 27. Rg1 Nf3 28. Qg4 Qxg4 0-1

[Event "Montigny le Bretonneux op 25th"]
[Site "Montigny le Bretonneux"]
[Date "2023.05.20"]
[Round "4"]
[White "Nosperger, Mael"]
[Black "Zheng, Zhaokang"]
[Result "1-0"]
[WhiteElo "1334"]
[BlackElo "1009"]
[PlyCount "79"]
[EventDate "2023.05.18"]
[EventType "swiss"]
[EventRounds "9"]
[EventCountry "FRA"]
[SourceTitle "CBM 214 Extra"]
[Source "ChessBase"]
[SourceDate "2023.07.31"]
[SourceVersion "1"]
[SourceVersionDate "2023.07.31"]
[SourceQuality "1"]

1. e4 e5 2. d3 Nf6 3. Nd2 Bc5 4. g3 d5 5. Bg2 dxe4 6. Nxe4 Nxe4 7. Bxe4 0-0 8. Nf3 Nc6 9. Be3 Bxe3 10. fxe3 Bd7 11. 0-0 Bh3 12. Rf2 f5 13. Bxc6 bxc6 14. Nxe5 Qd6 15. d4 c5 16. c3 cxd4 17. cxd4 c5 18. Qb3+ Kh8 19. Nf7+ Rxf7 20. Qxf7 Rf8 21. Qc4 h6 22. Qxc5 Qxc5 23. dxc5 Rc8 24. b4 a5 25. a3 a4 26. Rc1 Re8 27. c6 Rc8 28. b5 f4 29. exf4 Rb8 30. Rb2 Bf5 31. b6 Be4 32. c7 Rc8 33. b7 Bxb7 34. Rxb7 Kg8 35. Rb8 Rxb8 36. cxb8Q+ Kh7 37. Qb1+ Kg8 38. Qg6 Kf8 39. Rc7 Kg8 40. Qxg7# 1-0

[Event "Montigny le Bretonneux op 25th"]
[Site "Montigny le Bretonneux"]
[Date "2023.05.20"]
[Round "5"]
[White "Privat, Jean Claude"]
[Black "Nosperger, Mael"]
[Result "1/2-1/2"]
[WhiteElo "1465"]
[BlackElo "1334"]
[PlyCount "69"]
[EventDate "2023.05.18"]
[EventType "swiss"]
[EventRounds "9"]
[EventCountry "FRA"]
[SourceTitle "CBM 214 Extra"]
[Source "ChessBase"]
[SourceDate "2023.07.31"]
[SourceVersion "1"]
[SourceVersionDate "2023.07.31"]
[SourceQuality "1"]

1. d4 Nf6 2. c4 e6 3. Nf3 b6 4. g3 Bb7 5. Bg2 Be7 6. 0-0 0-0 7. Nc3 d6 8. Bf4 Nbd7 9. Re1 d5 10. cxd5 exd5 11. Rc1 c6 12. Ne5 Nxe5 13. Bxe5 Ng4 14. Bf4 Bd6 15. Bxd6 Qxd6 16. e4 Qg6 17. exd5 cxd5 18. Re7 Rab8 19. Nxd5 Bxd5 20. Bxd5 Qh5 21. h4 Qxd5 22. Qxg4 Qxa2 23. Qe2 Qd5 24. Rxa7 Qxd4 25. Rcc7 Qf6 26. Qb5 Qf3 27. Rc3 Qe4 28. Re3 Qg4 29. Qe5 Rbc8 30. Re1 Rc2 31. Qe4 Qxe4 32. Rxe4 Rxb2 33. Ree7 b5 34. Rab7 b4 35. Re4 1/2-1/2